000 00714nam a2200217 4500
001 174419
003 ES-MaACL
005 20250806062542.0
008 100419s1954 sp af |||| | spa d
080 _a785.11(460.27)"18"
100 1 _aSubirá, José,
_d1882-1980
_9108686
245 1 0 _aSinfonismos madrileños del siglo XIX /
_cpor José Subirá.
260 _aMadrid :
_bInstitutos de Estudios Madrileños,
_c1954.
300 _a44 p., [16] p. de lám. ;
_c22 cm.
490 1 _aTemas madrileños ;
_v7
650 4 _aMúsica-
_zMadrid.
_9144283
710 2 _aInstituto de Estudios Madrileños
_94916
830 0 _aTemas madrileños ;
_v7
_9189423
852 4 _aES-MaACL
_j2256-F-6
999 _c174419
_d174419